000 00833nam0a22002651 4500
001 rc\4644994
005 20250612141254.0
021 _aRU
_b[60-24682]
035 _a(NLR Aleph) 008687698
090 _a9218943
_c9218943
100 _a20130416d1960 |||y0rusy50 ca
101 0 _arus
102 _aRU
105 _aa z |||||
200 1 _aОлимпия, Афины, Рим
210 _aМосква
_cФизкультура и спорт
_d1960
215 _a462 с.
_cил.
_d20
606 _aОлимпийские игры
_2psbo
700 1 _aСоболев
_bП. А.
_cжурналист, писатель
_f1918-1972
_gПетр Александрович
_9150179
_3RU\NLR\AUTH\770150216
801 0 _aRU
_bNLR
_gpsbo
801 1 _aRU
_bELAR
_2rusmarc
852 _aNLR
_j60-3/1737
942 _cBOOK
980 _aNB